000 00539nam a22002177a 4500
003 OSt
005 20250422115607.0
008 250422b |||||||| |||| 00| 0 eng d
020 _a978-81-7409-120-8
040 _cTrident
082 _a628.1
_bGAR
100 _aSantosh Kumar Garg
245 _aWater Supply Engineering Vol.I
250 _a37th
260 _aNew Delhi
_bKhanna Publishers
_c2024
300 _a"XX,1106"p;
500 _aQuantity-10
650 _aCivil
651 _2Environmental Engineering
942 _2ddc
_cBK
_n0
999 _c61129
_d61129